000 00729nam a22002057a 4500
999 _c20325
_d20325
005 20200104041804.0
008 180920b1966 ck ||||| |||| 00| 0 spa d
040 _aCO-BoIAVH
_cCO-BoIAVH
041 _aspa
044 _ack
082 _a925
_bU58o
110 1 _aUniversidad Nacional de Colombia
245 1 0 _aObras completas de Francisco Jose de Caldas:
_bpublicadas por la universidad nacional de Colombia como homenaje con motivo del sesquicentenario de su muerte
260 _aBogotá:
_bUniversidad Nacional de Colombia,
_c1966.
300 _a531 páginas
_c23 x 17cm
650 0 _aFrancisco Jose de Caldas
650 0 _aCientíficos colombianos
650 0 _aBotánica
942 _2ddc
_cLIBRO